Mahfil (Record no. 7726)

MARC details
000 -LEADER
fixed length control field 00630nam a2200253 a 4500
020 ## - INTERNATIONAL STANDARD BOOK NUMBER
ISBN
082 00 - DEWEY DECIMAL CLASSIFICATION NUMBER
Classification number 954.035092
Author Cutter AHM
100 ## - MAIN ENTRY--AUTHOR NAME
Author name Ahmed, Hasanuddin
245 ## - TITLE STATEMENT
Title Mahfil
260 ## - PUBLICATION, DISTRIBUTION, ETC. (IMPRINT)
Place of publication Hyderabad
Name of publisher Villa Academy
Year of publication 1982
300 ## - PHYSICAL DESCRIPTION
Number of Pages 215p
500 ## - GENERAL NOTE
General note includes index and biblioraphy
505 2# - FORMATTED CONTENTS NOTE
Formatted contents note the founder of the ahmadiyya movement in islam.
650 ## - SUBJECT ADDED ENTRY--TOPICAL TERM
Topical Term Biography-India
650 ## - SUBJECT ADDED ENTRY--TOPICAL TERM
Topical Term India-History
942 ## - ADDED ENTRY ELEMENTS (KOHA)
Koha item type Books
700 1# -
-- Ahmed, Hasanuddin
Holdings
Collection code Home library Current library Date acquired Cost, normal purchase price Full call number Accession Number Koha item type
  Henry Martyn Institute Library Henry Martyn Institute Library 04/04/2007 20.00 954.035092 AHM 010444 Books
                   Copyright © 2026 | Henry Martyn Institute | Hyderabad | TS-500052 | INDIA | Implemented by hmi.edu.in
Hit-Count:

Powered by Koha